| 000 | nam a22 7a 4500 | ||
|---|---|---|---|
| 999 |
_c30335 _d30335 |
||
| 008 | 190516b xxu||||| |||| 00| 0 eng d | ||
| 020 | _a9789966212429 | ||
| 040 | _amksu | ||
| 050 |
_aBT 738.5 _b.R93 2001 |
||
| 100 | _aRyan, Patrick. | ||
| 245 |
_aWork and Christian living in Africa today / _c Patrick Ryan, .A. T. Dalfovo,Francesco Pierli. |
||
| 260 |
_aNairobi,Kenya : _bPaulines Publications Africa, _c2001. |
||
| 300 |
_a80p. ; _c21cm. |
||
| 504 | _ainclude suggested further reading. | ||
| 650 |
_aWork _vReligious aspects _xChristianity. |
||
| 700 | _aDalfovo,A. T. | ||
| 700 | _aPierli.,Francesco. | ||
| 942 |
_2lcc _cAFRICANA _hBT 738.5 .R93 2001 |
||